Statistics for Football Clubs by city - Serie A

Click here to take the quiz!

General Stats

  • This quiz has been taken 35 times
  • The average score is 17 of 20

Answer Stats

CityFootball Club% Correct
MilanA.C. Milan
100%
MilanInter Milan
100%
RomeA.S. Roma
97%
BolognaBologna F.C. 1909
97%
VeronaHellas Verona F.C.
97%
UdineUdinese Calcio
97%
FlorenceACF Fiorentina
93%
TurinJuventus F.C.
93%
La SpeziaSpezia Calcio
93%
NaplesS.S.C. Napoli
93%
RomeS.S. Lazio
93%
LecceU.S. Lecce
93%
SassuoloU.S. Sassuolo Calcio
93%
MonzaA.C. Monza
87%
TurinTorino F.C.
87%
BergamoAtalanta B.C.
80%
CremonaU.S. Cremonese
70%
GenoaU.C. Sampdoria
67%
SalernoU.S. Salernitana 1919
57%
FlorenceEmpoli F.C.
30%

Score Distribution

Percentile by Number Answered

Percent of People with Each Score

Your Score History

You have not taken this quiz